Library Banner

Bangladesh politics (Record no. 78898)

MARC details
000 -LEADER
fixed length control field 00391nam a22001457a 4500
005 - DATE AND TIME OF LATEST TRANSACTION
control field 20151112113405.0
008 - FIXED-LENGTH DATA ELEMENTS--GENERAL INFORMATION
fixed length control field 151112b xxu||||| |||| 00| 0 eng d
040 ## - CATALOGING SOURCE
Transcribing agency PK-LaUMT
082 ## - DEWEY DECIMAL CLASSIFICATION NUMBER
Classification number KHC 954.9205
Item number ROU-B
100 ## - MAIN ENTRY--PERSONAL NAME
Personal name Rounaq Jahan
245 ## - TITLE STATEMENT
Title Bangladesh politics
Remainder of title problems and issues
Statement of responsibility, etc Rounaq Jahan
260 ## - PUBLICATION, DISTRIBUTION, ETC. (IMPRINT)
Place of publication, distribution, etc Bangladesh
Name of publisher, distributor, etc University press
Date of publication, distribution, etc 1980
300 ## - PHYSICAL DESCRIPTION
Extent 225 p.
942 ## - ADDED ENTRY ELEMENTS (KOHA)
Koha item type Books
Holdings
Withdrawn status Lost status Damaged status Home library Current library Date acquired Full call number Barcode Date last seen Price effective from Koha item type
      UMT Main Campus UMT Main Campus 2015-11-12 KHC 954.9205 ROU-B 71016 2015-11-12 2015-11-12 Books